Los hijos ilegítimos y adoptivos: su problemática actual
Guardado en:
| Autor principal: | |
|---|---|
| Formato: | Libro |
| Lenguaje: | español |
| Publicado: |
Madrid
Montecorvo
1972
|
| Colección: | Monografías. Estudios Jurídicos
|
| Materias: | |
| Etiquetas: |
Agregar Etiqueta
Sin Etiquetas, Sea el primero en etiquetar este registro!
|
MARC
| LEADER | 00000nam a2200000 a 4500 | ||
|---|---|---|---|
| 001 | UCS1092 | ||
| 003 | CL-VaPUC | ||
| 008 | 970509e19720000SP |||||||||||||||||spa|d | ||
| 082 | 0 | 4 | |a 346.017 |b GOM |2 21 |
| 100 | 0 | |a Gómez de Liaño y González, Fernando |e author |9 385162 | |
| 245 | 1 | 4 | |a Los hijos ilegítimos y adoptivos: su problemática actual |
| 300 | |a 193 p | ||
| 942 | |c BK | ||
| 945 | |d 19970509 00:00:00 |a cmena | ||
| 260 | |a Madrid |b Montecorvo |c 1972 | ||
| 650 | 7 | |a FILIACION ILEGITIMA |2 CL-VaPUC |9 385163 | |
| 650 | 0 | |a Derecho y legislación |9 255077 | |
| 650 | 7 | |a DERECHOS HEREDITARIOS DE LOS HIJOS |2 CL-VaPUC |9 385164 | |
| 650 | 7 | |a LEGITIMACION ADOPTIVA |2 CL-VaPUC |9 336761 | |
| 650 | 0 | |a Adopción |9 255783 | |
| 650 | 0 | |a Derecho civil |9 255013 | |
| 650 | 0 | |a Procedimiento civil |9 254870 | |
| 583 | |a last modification |c 19970509 00:00:00 |k Rodrigo Vera | ||
| 490 | 0 | |a Monografías. Estudios Jurídicos | |
| 999 | |c 259198 |d 259196 | ||
| 952 | |0 0 |1 0 |4 0 |6 346_017000000000000_GOM_1972 |7 0 |8 A |9 283813 |a BIBDER |b BIBDER |d 2019-11-19 |i 1842838 |o 346.017 GOM 1972 |p 1842838 |r 2023-01-25 |w 2019-11-19 |y BK |k DER | ||